Culture Générale - Série 2197 - Statistiques

Statistiques générales
  • Ce quiz a été pris 101 fois
  • Le résultat moyen est 5 sur 10
Statistiques - réponses
Question Réponse % Correct
Comment appelait-on le navire des Vikings ? drakkar
87%
Dans un restaurant, comment s'appelle la personne en charge de servir et de proposer le vin ? sommelier
87%
Quel est le symbole du Parti socialiste français ? rose
86%
Dans quelle ville se déroule la série télé Sex & the City ? New York
71%
Quelle actrice française possède des vignes en Sicile ? prénom et nom - voir photo Carole Bouquet
57%
Dans quelle ville vous trouvez-vous si vous vous prélassez sur la plage du Prado ? Marseille
48%
Aux États-Unis, à quels oiseaux font référence les Républicains américains, très favorables au conflit armé ? faucons
29%
Quel coureur cycliste était surnommé "L'aigle de Tolède" ? nom Bahamontes
23%
Qui était surnommé l’Aigle de Meaux ? Bossuet
23%
Quel groupe a interprété le tube de l’été « La Lambada » en 1989 ? Kaoma
22%
Aucun quiz correspondant
Distribution des résultats
% des personnes avec chaque résultat
Percentile par nombre de réponses
Votre historique - résultats
Vous n’avez pas pris ce quiz